BIBLIOTHÈQUE DE LA MAISON DU MEXIQUE

Logo 1 Logo 2

El hombre organización (notice nᵒ 12461)

détails MARC
000 -Sello discográfico
campo de control de longitud fija 00947nam a2200313 4500
005 - Identificación de versión
campo de control 20251016083127.0
035 ## - Otros números de control del sistema
Número de control del sistema 12391
099 ## - fechas locales
Tipo de ítem Koha LIBRO
100 ## - Datos de procesamiento general
Datos de procesamiento general 19930801d19751961m y1spay5003 ba
101 1# - Idioma del recurso
Idioma del texto, banda sonora, etc. Español; Castellano
Idioma de la obra original Inglés
105 ## - Campo de datos codificados: Material textual, monográfico
Datos codificados de monografía y 001zy
200 1# - Título y mención de responsabilidad
Título propio El hombre organización
Designación general del material texto impreso
Primer mención de responsabilidad William H. Whyte
Declaración de responsabilidad subsiguiente traducción de Carlos Villegas
205 ## - Declaración de edición
Declaración de edición 3a reimpr de la 1a ed
210 ## - Publicación, distribución, etc.
Lugar de publicación, distribución, etc. México
Nombre del editor, distribuidor, etc. Fondo de Cultura Económica
Fecha de publicación, distribución, etc. 1975
215 ## - Descripción física
Designación de material específico y extensión del ítem 407 p
Dimensiones 21 cm
300 ## - Notas generales
Texto de la nota Traducción de : The Organization Man
345 ## - Nota de información de adquisición
Fuente de adquisición/dirección de la suscripción [OBSOLETO] Donación
410 #1 - Series
Título Sección de Obras de Sociología
606 ## - Término temático usado como materia
Elemento de entrada Individualidad
Número Koha 19160
606 ## - Término temático usado como materia
Elemento de entrada Lealtad
Número Koha 19161
700 ## - Nombre personal - Responsabilidad primaria
Elemento de entrada Whyte
Parte del nombre distinta del elemento de entrada William Hollingsworth
Fechas 1917-1999
Número Koha 19162
702 ## - Nombre personal - Responsabilidad secundaria
Elemento de entrada Villegas
Parte del nombre distinta del elemento de entrada Carlos
Número Koha 4550
801 #0 - Fuente de origen
Agencia cm
900 ## -
-- 1/9374
900 ## -
-- 710935034\\010893
942 ## - ELEMENTOS DE ENTRADA SECUNDARIOS (KOHA)
Tipo de ítem Koha Livre
996 ## -
-- MEX
-- 751145101
-- MMAG
-- 005959
-- 301.1 W629O
-- 20220125LIV
Exemplaires
Estatus retirado Estado de daño Estado de pérdida Fecha de adquisición Biblioteca de origen Biblioteca actual Ubicación en estantería Código de barras Precio de reemplazo Signatura topográfica completa No para préstamo Tipo de ítem Koha Nota pública Nota no pública
      05/08/2025 Casa México Paris Casa México Paris   005959 05/08/2025 301.1 W629O   Livre 20220125LIV 751145101